Windowcolor v byte dekorácie, obrázky, doplnky

Podrobná bibliografia
Hlavný autor: England, Elke (Autor)
Ďalší autori: Strapcová, Marianna (Prekladateľ)
Médium: Kniha
Jazyk:slovenčina
nemčina
Fyzický popis:30 s. ilustr. 21 cm 3 prílohy
Vydavateľské údaje: Ostrava Anagram c2009
ISBN:9788073421786
Edícia:Topp
Predmet:

MARC

LEADER 00000nam a2200000 a 4500
001 vtls010286435
003 SK-MaSNL
005 20260302045310.0
008 251029s2009 xr a 000 0 slo
015 |a SNBZSA2013-00214 
020 |a 9788073421786  |q (brož.) 
035 |a FC999702-8C18-4D76-8D35-4CF69544DD98 
035 |a 38EDBE99-1976-43DA-97BF-F2B143D7F8D8 
035 |a urn:nbn:sk:snk-am001ywj 
035 |a 19D7BC85-1B47-4FC6-9336-4540EEB714D1 
035 |a urn:nbn:sk:snk-am001ywh 
035 |a urn:nbn:sk:snk-amji49 
035 |a urn:nbn:sk:snk-am001ywk 
035 |a D9C1B60B-14C9-4D0C-A67D-36CDDB43078D 
035 |a urn:nbn:sk:snk-am001ywl 
040 |a SNK  |b slo  |c SNK  |e AACR2 
041 1 |a slo  |h ger 
044 |a xr  |c CZ 
072 7 |a 74  |x Kresba. Umelecké remeslá  |2 konspekt 
080 |a 745  |2 2008 
080 |a 75.023.1  |2 2008 
080 |a 688.78/.79  |2 2008 
080 |a 7.048  |2 2008 
080 |a (035)  |2 2008 
100 1 |a England, Elke  |4 aut  |9 702176 
240 1 0 |a Farbenfrohes Windowcolor  |l Slovensky 
245 1 0 |a Windowcolor v byte  |b dekorácie, obrázky, doplnky  |c [Elke England ; preklad Marianna Strapcová] 
260 |a Ostrava  |b Anagram  |c c2009 
300 |a 30 s.  |b ilustr.  |c 21 cm  |e 3 prílohy 
490 1 |a Topp  |v 3756 
500 |a Preložené z nemčiny 
500 |a Názov z obálky 
650 0 7 |a výtvarné práce  |2 snkph  |9 3082 
650 0 7 |a dekorácie farbami na sklo  |2 snkph  |9 88785 
650 0 7 |a dekoračné predmety  |2 snkph  |9 66825 
650 0 7 |a vzory (motívy)  |2 snkph  |9 67231 
655 7 |a príručky  |2 snkph  |9 74364 
700 1 |a Strapcová, Marianna  |4 trl  |9 332636 
830 0 |a Topp  |9 301066 
919 |a 978-80-7342-178-6 
958 |a ZS 
958 |a OND 
999 |c 1093082  |d 1095012 
952 |a SNK  |b SNK  |y PREZ  |7 0  |p 17A0717473  |o snkSC 146652  |i snk2011/18425  |8 2  |g 4.35  |3 Dokument obsahuje 3 príl.: dekorácie, obrázky, doplnky  |0 0  |1 0  |4 0  |d 2011-06-16  |l 0  |r 2025-07-15 00:00:00  |w 2026-02-24 
952 |a SNK  |b SNK  |y PREZ  |7 0  |p 17A0717474  |o snkSC 146652/príl.1  |i snk2011/18425  |8 0  |z Príl. 1: Windowcolor v byte. Dekorácie, obrázky, doplnky  |0 0  |1 0  |4 0  |d 2011-09-06  |l 0  |r 2025-07-15 00:00:00  |w 2026-02-24 
952 |a SNK  |b SNK  |y PREZ  |7 0  |p 17A0717480  |o snkSC 146652/príl.2  |i snk2011/18425  |8 0  |z Príl. 2: Windowcolor v byte. Dekorácie, obrázky, doplnky  |0 0  |1 0  |4 0  |d 2011-09-06  |l 0  |r 2025-07-15 00:00:00  |w 2026-02-24 
952 |a SNK  |b SNK  |y PREZ  |7 0  |p 17A0717481  |o snkSC 146652/príl.3  |i snk2011/18425  |8 0  |z Príl. 3: Windowcolor v byte. Dekorácie, obrázky, doplnky  |0 0  |1 0  |4 0  |d 2011-09-06  |l 0  |r 2025-07-15 00:00:00  |w 2026-02-24 
952 |a SNK  |b SNK  |y PREZ  |7 0  |p 17A0879620  |o snkSC 146652 D1  |i snk2012/5575  |8 4  |g 4.40  |3 Dokument obsahuje 3 príl.: dekorácie, obrázky, doplnky  |0 0  |1 0  |4 0  |d 2012-02-20  |f 1  |l 0  |r 2026-02-24 17:03:49  |w 2026-02-24 
952 |a SNK  |b SNK  |y PREZ  |7 0  |p 17A0879621  |o snkSC 146652/príl.1 D1  |i snk2012/5575  |8 4  |z Papierová príl. 1: Windowcolor v byte. Dekorácie, obrázky, doplnky. Predloha 1A,1B  |0 0  |1 0  |4 0  |d 2012-02-20  |f 1  |l 0  |r 2026-02-24 17:03:49  |w 2026-02-24 
952 |a SNK  |b SNK  |y PREZ  |7 0  |p 17A0879622  |o snkSC 146652/príl.2 D1  |i snk2012/5575  |8 4  |z 1 papierová príl. 2: Windowcolor v byte. Dekorácie, obrázky, doplnky. Predloha 2A, 2B  |0 0  |1 0  |4 0  |d 2012-02-20  |f 1  |l 0  |r 2026-02-24 17:03:49  |w 2026-02-24 
952 |a SNK  |b SNK  |y PREZ  |7 0  |p 17A0879623  |o snkSC 146652/príl.3 D1  |i snk2012/5575  |8 4  |z Papierová príl. 3: Windowcolor v byte. Dekorácie, obrázky, doplnky. Predloha 3A, 3B  |0 0  |1 0  |4 0  |d 2012-02-20  |f 1  |l 0  |r 2026-02-24 17:03:49  |w 2026-02-24